00548nam a2200157Ia 450000500170000000800410001708200160005810000200007424500550009426000380014930000140018750000700020194200060027195200980027799900150037520240618013524.0240331s9999 xx 000 0 und d bGANa891.48 aGanesalingan, s 0aBagavath geethaiyum thirukuralumcS. Ganeshalingan aChennaibKumaran Publishersc2003 a240 p .., aA Comparatives Study of Bhagavath Geeta and Thirukkural in Tamil. cL 001040708LaWERCLbWERCLcSSCd2024-03-31l0o 891.48 GANp5846r2024-03-31w2024-03-31yL c3896d3896